00370nam a2200133Ia 45000010005000000080041000050200022000460820024000681000025000922450034001172600041001519010029001929990015002213394241024s9999 xx 000 0 und d a978-9945-00-913-2 aRD/972.93054/AC185r aEliades Acosta Matos 0a1963: Revolución Inconclusa bArchivo General de la Naciónc2013 a21/10/2013 10:10:09 a.m. c7557d7557